Estatísticas para Mapa do Mundo Sem 12 Países #2

Clique aqui para jogar o quiz

Estatísticas Gerais

  • Esse quiz foi jogado 3 273 vezes
  • A pontuação média é 9 de 12

Respostas no mapa

Respostas codificadas por cores de uma escala verde-vermelha no mapa do quiz de acordo com a % correta abaixo.
 

Estatísticas das Respostas

País% Correto
Austrália
94%
Panamá
93%
Portugal
86%
Coréia do Norte
81%
Marrocos
79%
Grécia
67%
Armênia
62%
Geórgia
61%
Islândia
61%
Cuba
60%
Vietname
58%
Malásia
56%

Distribuição das Pontuações

Percentil de Números Respondidos

Porcentagem de Pessoas com Cada Pontuação

Sua Pontuação Histórica

Você não jogou esse quiz